Date Everything! - All Dateables - Statistics

General Stats
  • This quiz has been taken 212 times
  • The average score is 67 of 102
Answer Stats
# Answer % Correct
7 Dorian
92%
66 Betty
90%
1 Skylar Specs
90%
5 Celia
86%
4 Florence
84%
13 Lux
84%
11 Abel
82%
3 Wallace
82%
9 Curt and Rod
80%
98 Doug
78%
86 Keith
78%
56 Mac
78%
69 Ben-Hwa
76%
97 xxXShadowLord420Xxx
76%
17 Artt
73%
40 Daisuke
73%
53 Dasha
73%
76 Dirk Deveraux
73%
74 Drysdale
73%
75 Harper
73%
46 Jean-Loo Pissoir
73%
47 Johnny Splash
73%
89 Sophia
73%
6 Stella
73%
72 The Hanks
73%
45 Amir
71%
48 Bathsheba
71%
35 Freddy Yeti
71%
26 Gaia
71%
61 Maggie
71%
2 Phoenicia
71%
10 Shelley
71%
94 Textbox-Chan
71%
16 Timothy Timepiece
71%
93 Airyn
69%
79 Bobby Pinn
69%
33 Cabrizzio
69%
14 Hector
69%
20 Koa
69%
49 Rebel
69%
23 Telly
69%
73 Washford
69%
12 Chairemi
67%
19 Eddie and Volt
67%
54 Jerry
67%
25 Keyes
67%
99 Nightmare
67%
18 River
67%
8 Wyndolyn
67%
24 Connie
65%
22 Dante
65%
92 Holly
65%
42 Kopi
65%
37 Luke Nuke'm
65%
58 Lyric
65%
32 Mitchell Linn
65%
28 Parker Bradley
65%
100 Reggie
65%
88 Vaughn Trapp
65%
85 Beau
63%
67 Diana
63%
81 Dunk Shuttlecock
63%
82 Fantina
63%
91 Lady Memoria
63%
29 Mateo Manta
63%
90 Monique
63%
64 Scandalabra
63%
34 Sinclaire
63%
71 Teddy
63%
84 Tony
63%
77 Tydus Andromache
63%
50 Barry Styles
61%
31 Beverly
61%
55 Penelope
61%
43 Cam
59%
27 Captain Jacques Pierrot
59%
30 Tina
59%
21 Dolly
57%
52 Farya
57%
41 Friar Errol
57%
15 Prissy Plastique
57%
36 Stefan
57%
95 The Sassy Chap
57%
62 Winnifred
57%
60 Chance
55%
68 Deena/Daemon
55%
39 Dishy
55%
78 Henry Hoove
55%
44 I, Ronaldini
55%
80 Kristof
55%
87 Bodhi Windbreaker
53%
63 Rainey
53%
51 Tyrell
53%
38 Miranda Dulce Tostadora
51%
83 Stepford
51%
57 Willi
49%
59 Rongomaiwhenua
45%
65 Arma
43%
70 Hero Hime
43%
96 Zoey Bennett
39%
102 Michael Transaction
37%
101 Lucina Lavish
22%
No matching quizzes found
Score Distribution
Percent of People with Each Score
Percentile by Number Answered
Your Score History
You have not taken this quiz